1509 1143 1341 1982 1187 1789 1747 1290 1976 1281 1742 1133 1951 1127 1676 1856 1393 1184 1452 1113 1286 1434 1283 1615 1406 1793 1920 1341 1268 1963 1338 1128 1818 1465 1478 1909 1481 1797 1066 1023 1307 1620 1742 1096 1430 1955 1879 1500 1395 1965 1544 1637 1214 1790 1845 1753 1630 1378 1334 1382 1534 1533 1418 1107 1998 1686 1945 1567 1756 1441 1169 1751 1566 1170 1603 1665 1888 1550 1229 1119 1730 1770 1128 1835 1692 1483 1468 1661 1363 1936 1383 1103 1797 1577 1310 1254 1502 1715 1360 BCNSPRNW ULIB Ver.6.0+V

เปลี่ยนเป็นภาษาไทย

Change to English
 แสดงรายละเอียดบรรณานุกรม
  กลับหน้าหลัก

Brief Record : Get Marc (ISO 2709) : E-mail record : QR code < ปิดหน้าต่าง
LEADER : 00000nam 2200000uu 4500
001    13399121949
003     ULIB
008    121214s2549||||th 000 0 tha d
020    ^a9749477782
020    9789749477786
060 04 ^aWM55^bอ322ก 2549
100 0  ^aอรพรรณ ลือบุญธวัชชัย
245 10 ^aการให้คำปรึกษาทางสุขภาพ /^cอรพรรณ ลือบุญธวัชชัย
250    ^aพิมพ์ครั้งที่ 1
260    ^aกรุงเทพฯ :^bธนาเพรส,^c2549
300    ^a186 หน้า ;^c26 ซม.
650  7 ^aผู้ป่วย^xการให้คำปรึกษา
650  7 ^aการแนะแนวสุขภาพ
650  7 ^aการให้คำปรึกษาครอบครัว
945    ^p165^l0^i24806
945    ^p165^l0^i14289
945    ^p165^l0^i14290
995    ^aทศพร
999    ^aทศพร เกษรทอง
รายการนี้ยังไม่มีแท็ก
คุณยังไม่ได้ล็อกอิน คุณสามารถมีกิจกรรมร่วมกับเว็บไซต์ได้ แต่ต้องล็อกอินก่อน ::
  ล็อกอิน

รายการสื่อสารสนเทศ

ลำดับที่ ประเภท เลขเรียก/บาร์โค้ด สถานที่ สถานะ
1. วิทยาศาสตร์การแพทย์ และสุขภาพ
วิทยาศาสตร์การแพทย์ และสุขภาพ
WM55 อ322ก 2549 ฉ.1 
  Barcode: 24806
ห้องสมุดวิทยาเขตสวรรค์ประชารักษ์
►หนังสือทั่วไป
บนชั้น
2. วิทยาศาสตร์การแพทย์ และสุขภาพ
วิทยาศาสตร์การแพทย์ และสุขภาพ
WM55 อ322ก 2549 ฉ.2 
  Barcode: 14289
ห้องสมุดวิทยาเขตสวรรค์ประชารักษ์
►หนังสือทั่วไป
บนชั้น
3. วิทยาศาสตร์การแพทย์ และสุขภาพ
วิทยาศาสตร์การแพทย์ และสุขภาพ
WM55 อ322ก 2549 ฉ.3 
  Barcode: 14290
ห้องสมุดวิทยาเขตสวรรค์ประชารักษ์
►หนังสือทั่วไป
บนชั้น

รายการใกล้เคียง
    ผู้แต่ง [อรพรรณ ลือบุญธวัชชัย]

    หัวเรื่อง [การแนะแนวสุขภาพ]
    หัวเรื่อง [การให้คำปรึกษาครอบครัว]

BibComment


ยังไม่เคยถูกคอมเมนท์

คอมเมนท์ทรัพยากรรายการนี้
  คอมเมนท์: การให้คำปรึกษาทา..


 Copyright 2026. Bcnsprnw @Library